01566nam a2200373 a 4500001001200000003000800012006001900020007001500039008004100054020001800095020002700113040002100140035002100161050002300182100002300205240002300228245020700251246002000458246003700478250001200515260003600527300001400563440006200577490006200639504004100701533015200742600004400894650004000938655002900978700002001007700002201027710001701049856012601066ebr10591474CaPaEBRm u cr cn|||||||||121212s1967 gw sb 000 0dlat d z9783598716539 z9783110956313 (e-book) aCaPaEBRcCaPaEBR a(OCoLC)82374655814aPA6611b.A2 1967eb0 aPliny,cthe Elder.10aNaturalis historia10aC. Plini Secundi Naturalis historiae libri XXXVIIh[electronic resource] .nVol. IV,pLibri XXIII-XXX /cpost Ludovici Iani obitum recognovit et scripturae discrepantia adiecta ; edidit Carolus Mayhoff.30aLibri XXIII-XXX30aNaturalis historiae libri XXXVII a1st ed. aMunchen :bB.G. Teubner,c1967. ax, 500 p. 0aBibliotheca scriptorum Graecorum et Romanorum Teubneriana0 aC. Plini Secundi Naturalis historiae libri XXXVII ;vv. 4 aIncludes bibliographical references. aElectronic reproduction.bPalo Alto, Calif. :cebrary,d2011.nAvailable via World Wide Web.nAccess may be limited to ebrary affiliated libraries.00aPliny,cthe Elder.tNaturalis historia. 0aNatural historyvPre-Linnean works. 7aElectronic books.2local1 aIani, Ludovici.1 aMayhoff, Carolus.2 aebrary, Inc.40uhttp://site.ebrary.com/lib/rucke/Doc?id=10591474zAn electronic book accessible through the World Wide Web; click to view